Ukrainian license plate prefixes quiz - Statistics

General Stats
  • This quiz has been taken 50 times
  • The average score is 11 of 27
Answer Stats
Region Prefix % Correct
Kyiv city AA|KA
88%
Kyiv Oblast AI|KI
82%
Donetsk Oblast AH|KH
71%
Zakarpattia Oblast AO|KO
59%
Vinnytsia Oblast AB|KB
53%
Zaporizhzhia Oblast AP|KP
53%
Lviv Oblast BC|HC
53%
Dnipropetrovsk Oblast AE|KE
47%
Autonomous Republic of Crimea AK|KK
47%
Kharkiv Oblast AX|KX
47%
Sumy Oblast BM|HM
47%
Zhytomyr Oblast AM|KM
41%
Ivano-Frankivsk Oblast AT|KT
41%
Luhansk Oblast BB|HB
41%
Poltava Oblast BI|HI
41%
Rivne Oblast BK|HK
41%
Volyn Oblast AC|KC
35%
Khmelnytskyi Oblast BX|HX
35%
Ternopil Oblast BO|HO
29%
Kirovohrad Oblast BA|HA
24%
Odesa Oblast BH|HH
24%
Kherson Oblast BT|HT
24%
Chernihiv Oblast CB|IB
24%
Chernivtsi Oblast CE|IE
24%
Sevastopol city CH|IH
24%
Mykolaiv Oblast BE|HE
18%
Cherkasy Oblast CA|IA
18%
No matching quizzes found
Score Distribution
Percent of People with Each Score
Percentile by Number Answered
Your Score History
You have not taken this quiz